LEADER 00876naa a2200193 u 4500 001 000000096412 003 CaOOAMICUS 005 20070226130146.0 008 041004s1991 it u000 u ita u 035 $a11009993 040 $aIAR$bita 100 1 $aLópez Gay, Jesús,$cS.I.,$d1929-$0(OLS)http://pul/name/28837 245 13$aLa consulta "ad modum synodi" di Nagasaki, 1598 /$cL. Lopez-Gay, SJ. 260 $aRoma ;$aFreiburg ;$aWien :$bHerder,$c1991. 300 $aS. 251-266, ;$c24 cm 773 0 $aEcclesiae memoria : Miscellanea in onore del R.P. Josef Metzler O.M.I. 773 0 $tEcclesiae memoria : miscellanea in onore del R.P. Josef Metzler O.M.I., prefetto dell'Archivio Segreto Vaticano$w()3682 996 $6245$aLa consulta "ad modum synodi" di Nagasaki, 1598$9(OLS)http://pul/title/123288 996 $6260$aRoma ;$aFreiburg ;$aWien :$bHerder$9(OLS)http://pul/publisher/50025 LEADER 01422nam a2200325 a 4500 001 000000150344 003 CaOOAMICUS 005 20160311123429.0 008 160311s2015 it u000 u ita r 020 $a978-88-5753-054-3* 032 $aLibriCat 040 $aPUL$bita 082 04$a142.7 100 1 $aPeruzzotti, Francesca.$0(OLS)http://pul/name/95723 245 13$aLo scritto e il suo lettore :$bin ascolto di Jean-Louis Chrétien, Marin Heidegger, Jean-Luc Marion /$cFrancesca Peruzzotti. 260 $aMilano ; Udine :$bMimesis,$c©2015. 300 $a252 p. ;$c21 cm. 490 1 $aAntropologia della libertà ;$v10 504 $aBibliografia in nota. 650 4$aScrittura.$0(OLS)http://pul/subject/19368 650 4$aFenomenologia.$0(OLS)http://pul/subject/1230 830 0$aAntropologia della libertà ;$v10.$0(OLS)http://pul/title/189456 850 $aPUL 852 $aPUL$W1$xSL Filosofia 3$y81$m142. 7 PERFR 1$j172901$qDDC 21$B174851$CPULBib$Z2$F174851 $H127468 $81 941 1 $a9 996 $6020$a978-88-5753-054-3*$9(OLS)http://pul/number/160052 996 $6082$a142.7$9(OLS)http://pul/classification/1839 996 $6245$aLo scritto e il suo lettore :$bin ascolto di Jean-Louis Chrétien, Marin Heidegger, Jean-Luc Marion$9(OLS)http://pul/title/189455 996 $6260$aMilano ; Udine :$bMimesis$9(OLS)http://pul/publisher/81060